Min al-adab al-muqāran /
Saved in:
Main Author:
Format: Book
Language: Arabic
Published:
al-Qāhirah :
Dār al-Maʻārif,
1948.
Subjects:
Tags: Add Tag
No Tags, Be the first to tag this record!
Call Number: PJ7517 .A6 1948
| LEADER | 01296nam a2200253Ia 4500 | ||
|---|---|---|---|
| 003 | OSt | ||
| 005 | 20231011073542.0 | ||
| 008 | 130303s1948 ua b 000 0 ara d | ||
| 952 | |0 0 |1 0 |2 lcc |4 0 |6 PJ7517 A6 01948 |7 1 |9 50381 |a ARCE |b ARCE |d 2023-10-11 |l 0 |o PJ7517 .A6 1948 |r 2023-10-11 00:00:00 |w 2023-10-11 |y BK | ||
| 999 | |c 30242 |d 30242 | ||
| 040 | |c ARCE Library | ||
| 050 | 4 | |a PJ7517 .A6 1948 | |
| 100 | 1 | |6 880-01 |a ʻAqīqī, Najīb, |e author |9 25538 | |
| 245 | 1 | 0 | |6 880-02 |a Min al-adab al-muqāran / |c taʼlīf Najīb al-ʻAqīqī. |
| 264 | 1 | |a al-Qāhirah : |b Dār al-Maʻārif, |c 1948. | |
| 300 | |a 183 pages ; |c 24 cm. | ||
| 504 | |a Includes bibliographical references. | ||
| 650 | 0 | |a Arabic poetry |x History and criticism. | |
| 650 | 0 | |a Comparative literature |x European and Arabic. | |
| 650 | 0 | |a Literature, Comparative |x English and American. | |
| 880 | 1 | |6 100-01/(3/r |a عقيقي، نجيب | |
| 880 | 1 | 0 | |6 245-02/(3/r |a من الأدب المقارن |c نجيب العقيقي. |
| 901 | |a reviewed | ||
| 942 | |c BK |2 lcc | ||
